[Event "Rochefort op 3rd"]
[Site "Rochefort"]
[Date "2004.02.23"]
[Round "4"]
[White "Bouvier, Bruno"]
[Black "Bronznik, Valerij"]
[Result "1/2-1/2"]
[WhiteElo "2246"]
[BlackElo "2413"]

1. e4 e6 2. d4 c5 3. Nf3 cxd4 4. Nxd4 Bc5 5. Nb3 Bb6 6. Bd3 Ne7 7. O-O O-O
8. Nc3 f5 9. Qh5 Nbc6 10. Bg5 h6 11. Be3 fxe4 12. Bxb6 Qxb6 13. Nxe4 d5 14.
Ng3 a5 15. a4 e5 16. Kh1 Be6 17. Qe2 Nf5 18. Bxf5 Bxf5 19. Nxf5 Rxf5 20.
Qb5 Qxb5 1/2-1/2

[Event "Bussum NED, Open 2004"]
[Site "Bussum NED"]
[Date "2004.05.31"]
[Round "7"]
[White "Bezemer, Arno"]
[Black "Van Beek, Alexander"]
[Result "0-1"]
[WhiteElo "2355"]
[BlackElo "2272"]

1. e4 c5 2. Nf3 e6 3. d4 cxd4 4. Nxd4 Bc5 5. Nb3 Bb6 6. Bd3 Ne7 7. Nc3 O-O
8. O-O f5 9. Bg5 fxe4 10. Nxe4 d5 11. Ng3 Nbc6 12. c4 h6 13. cxd5 exd5 14.
Qh5 Qe8 15. Qxe8 Rxe8 16. Bd2 Rf8 17. Rae1 Nf5 18. Nxf5 Bxf5 19. Bxf5 Rxf5
20. Be3 d4 21. Bd2 Rb5 22. Re4 a5 23. Rb1 Rd8 24. Bf4 Nb4 25. a4 Rbd5 26.
Rd1 d3 27. Kf1 Kf7 28. Bd2 Nc2 29. Bc3 Rf5 30. Rd2 Be3 31. Bxa5 Rd7 32. g4
Bxd2 33. Bxd2 Rfd5 34. g5 Nd4 35. Na5 Nf3 36. Nc4 Rd4 0-1

[Event "Kiel op 17th"]
[Site "Kiel"]
[Date "2004.07.28"]
[Round "7"]
[White "Feuerstack, Aljoscha"]
[Black "Wisnewski, Christoph"]
[Result "1-0"]
[WhiteElo "2248"]
[BlackElo "2410"]

1. e4 c5 2. Nf3 e6 3. d4 cxd4 4. Nxd4 Bc5 5. Nb3 Bb6 6. Nc3 Ne7 7. Bd3 O-O
8. Qe2 f5 9. Be3 Nbc6 10. O-O-O a5 11. a4 Nb4 12. Bc4 Qc7 13. Bxb6 Qxb6 14.
e5 f4 15. Nd4 Qc5 16. Nb3 Qc6 17. Bb5 Qxg2 18. Rhg1 Qh3 19. Bxd7 Ng6 20.
Nc5 b6 21. Bxc8 Raxc8 22. Nd7 Rxc3 23. bxc3 Na2+ 24. Kb2 Nxc3 25. Qc4 Nxd1+
26. Rxd1 Kh8 27. Qc6 Rg8 28. Rd6 Qxh2 29. Rxe6 Qxf2 30. Rxg6 hxg6 31. Qh1+
1-0

[Event "Kiel op 17th"]
[Site "Kiel"]
[Date "2004.07.30"]
[Round "9"]
[White "Lanka, Zigurds"]
[Black "Wisnewski, Christoph"]
[Result "1-0"]
[WhiteElo "2461"]
[BlackElo "2410"]

1. e4 c5 2. Nf3 e6 3. d4 cxd4 4. Nxd4 Bc5 5. Nb3 Bb6 6. Nc3 Ne7 7. Bd3 O-O
8. O-O f5 9. Bg5 fxe4 10. Nxe4 d5 11. Ng3 Nbc6 12. c4 h6 13. Bxe7 Qxe7 14.
cxd5 exd5 15. Bb1 Be6 16. Qc2 Ne5 17. Qh7+ Kf7 18. Kh1 Ke8 19. Nf5 Bxf5 20.
Bxf5 Qg5 21. Rae1 Rxf5 22. f4 Qf6 23. Qg8+ Kd7 24. Qxa8 Kc7 25. Qe8 Nc6 26.
Qe6 a5 27. Qxf6 Rxf6 28. Nc1 Kd6 29. Nd3 Nd4 30. Re8 Rf7 31. g4 Nc2 32. f5
Rf6 33. Rf3 Nd4 34. Rf4 Nc6 35. Re1 Bd4 36. Kg2 b6 37. h4 Kd7 38. Rff1 Ne7
39. Rd1 Rc6 40. Rd2 Bf6 41. g5 hxg5 42. hxg5 Bxg5 43. Ne5+ Kc7 44. Nxc6
Kxc6 45. Rd3 Bf6 46. Rf2 d4 47. Kf1 a4 48. Ke2 Kc5 49. Rf1 Kd5 50. b3 a3
51. b4 Nc6 52. b5 Na7 53. Rb3 Ke4 54. Rfb1 Be7 55. Rc1 Bd6 56. Rc4 Kd5 57.
Kd3 Bc5 58. Rbb4 Ke5 59. Rxd4 Kxf5 60. Rf4+ Ke5 61. Rbe4+ Kd5 62. Rf5+ Kd6
63. Kc4 Nc8 64. Rf7 g5 65. Re8 1-0

[Event "Seefeld op 15th"]
[Site "Seefeld"]
[Date "2004.09.22"]
[Round "5"]
[White "Thinius, Marco"]
[Black "Kozlov, Alexander"]
[Result "1-0"]
[WhiteElo "2395"]
[BlackElo "2192"]

1. e4 c5 2. Nf3 e6 3. d4 cxd4 4. Nxd4 Bc5 5. Be3 Qb6 6. c3 Nc6 7. Nd2 Nxd4
8. Nc4 Qc6 9. Bxd4 Qxe4+ 10. Be2 Be7 11. O-O Nf6 12. Bf3 Qf4 13. Qa4 b5 14.
Qxb5 Rb8 15. Qa4 Bd6 16. g3 Qxf3 17. Nxd6+ Kf8 18. Qxa7 Qa8 19. Qc5 Kg8 20.
Bxf6 gxf6 21. Qh5 1-0

[Event "Seefeld op 15th"]
[Site "Seefeld"]
[Date "2004.09.24"]
[Round "7"]
[White "Hertel, Peter"]
[Black "Straub, Peter"]
[Result "1/2-1/2"]
[WhiteElo "2267"]
[BlackElo "2117"]

1. e4 c5 2. Nf3 e6 3. d4 cxd4 4. Nxd4 Bc5 5. Nb3 Be7 6. Nc3 d6 7. Be2 Nf6
8. O-O a6 9. f4 Nc6 10. Bf3 Qc7 11. a4 b6 12. Be3 Bb7 13. Qe2 O-O 14. Rfd1
Rfd8 15. Qc4 Rac8 16. f5 d5 17. exd5 exd5 18. Nxd5 Nxd5 19. Bxd5 Bd6 20.
Qh4 Re8 21. Bf2 Be5 22. c3 Ne7 23. Bxb7 Qxb7 24. Qg4 Qc6 25. Bd4 Qf6 26.
Bxe5 Qxe5 27. Nd4 Qe3+ 28. Kh1 Nd5 29. Rf1 Re4 30. Qf3 Rce8 31. Qxe3 Rxe3
32. h3 Kf8 33. Rad1 Nf6 34. Rf3 Ne4 35. Kg1 Rxf3 36. gxf3 Nc5 37. b3 Re3
38. Rc1 Nd3 39. Rc2 Ne1 40. Re2 Rxe2 41. Nxe2 Nxf3+ 1/2-1/2

[Event "Groningen op-A"]
[Site "Groningen"]
[Date "2004.12.27"]
[Round "6"]
[White "Houtman, Joop"]
[Black "Schiffer, Kai Uwe"]
[Result "0-1"]
[WhiteElo "2225"]
[BlackElo "2319"]

1. e4 c5 2. Nf3 e6 3. d4 cxd4 4. Nxd4 Bc5 5. Nb3 Bb6 6. Bd3 Ne7 7. Qe2 O-O
8. Be3 Nbc6 9. O-O f5 10. Bxb6 Qxb6 11. exf5 Nxf5 12. N1d2 d5 13. c4 a5 14.
cxd5 exd5 15. Nf3 a4 16. Nc1 Kh8 17. Qd2 Nd6 18. Ne1 Be6 19. Ne2 Ne4 20.
Bxe4 dxe4 21. Nc2 Rad8 22. Qc3 Rd3 23. Qe1 Qxb2 24. Ne3 Bxa2 25. Ng3 Re8
26. h4 h6 27. Nef5 Nd4 28. Qa5 Nxf5 29. Qxf5 Bb3 30. Nxe4 Qe5 31. Qxe5 Rxe5
32. f3 Red5 33. Kf2 Rd1 34. Nc3 R5d2+ 35. Kg1 Rxf1+ 36. Kxf1 b5 0-1

[Event "Bundesliga"]
[Site "?"]
[Date "2005.??.??"]
[Round "3"]
[White "Van den Doel, Erik"]
[Black "Thiel, Thomas"]
[Result "1-0"]
[WhiteElo "2580"]
[BlackElo "2305"]

1. e4 c5 2. Nf3 e6 3. d4 cxd4 4. Nxd4 Bc5 5. Nb3 Bb6 6. Nc3 Ne7 7. Bf4 O-O
8. Bd6 f5 9. Qd2 Nbc6 10. Rd1 a5 11. a4 Bc7 12. Be2 Bxd6 13. Qxd6 fxe4 14.
Nxe4 Nf5 15. Qd2 Qh4 16. Bd3 d5 17. Nc3 d4 18. Ne4 Ne5 19. O-O b6 20. Rfe1
Bb7 21. Qg5 Nxd3 22. Rxd3 e5 23. Qxh4 Nxh4 24. Nbd2 Ng6 25. Rb3 Rac8 26. c3
dxc3 27. Nxc3 Nf4 28. f3 Rfd8 29. Ndb1 Nd3 30. Re3 Rd6 31. Na3 Nc5 32. Rb5
Ba6 33. Nc4 Rd4 34. Nxb6 Bxb5 35. Nxc8 Ba6 36. Nb6 Bb5 37. Nc8 Ba6 38. Rxe5
Nd3 39. Ne7+ Kf7 40. Nf5 Rb4 41. Rxa5 Bc8 42. Nd6+ Ke6 43. Nxc8 Rxb2 1-0

[Event "WYb16, Belfort FRA"]
[Site "?"]
[Date "2005.??.??"]
[Round "5"]
[White "Szabo, Krisztian"]
[Black "Caspi, I"]
[Result "1/2-1/2"]
[WhiteElo "2420"]
[BlackElo "2240"]

1. e4 c5 2. Nf3 e6 3. d4 cxd4 4. Nxd4 Bc5 5. Nb3 Bb6 6. Bd3 Ne7 7. Qe2 O-O
8. Be3 Nbc6 9. O-O f5 10. Bxb6 Qxb6 11. N1d2 fxe4 12. Qxe4 g6 13. c4 d5 14.
Qe2 e5 15. cxd5 Nxd5 16. Bc4 Be6 17. Nf3 Rf5 18. Rad1 Rd8 19. Rfe1 Kh8 20.
g4 Nf4 21. Qe3 Rxd1 22. Rxd1 Nh3+ 23. Kg2 Qxe3 24. fxe3 Rxf3 25. Bxe6 Rxe3
26. Bc8 Nf4+ 27. Kg1 b6 28. g5 Nb4 29. Rd8+ Kg7 30. Kf2 Re2+ 31. Kf3 Rxh2
32. Nd4 Kf7 33. Nb5 Nc6 34. Nd6+ Ke7 35. Rd7+ Kf8 36. Ba6 Ne6 37. Ne4 Ncd4+
38. Kg3 Rxb2 39. Rxh7 Nf5+ 40. Kh3 Rb4 41. Bc8 Nf4+ 42. Kg4 Rxe4 43. Bxf5
gxf5+ 44. Kxf5 Ra4 45. Kxe5 Nd3+ 46. Kf6 Rf4+ 47. Ke6 Nc5+ 48. Kd6 Rf7 49.
Rxf7+ Kxf7 50. Kc7 Kg6 51. Kb8 a5 52. Kc7 Na4 53. Kc6 Kxg5 54. Kb5 Nc3+ 55.
Kxb6 a4 56. Ka5 Kf4 57. Kb4 Nxa2+ 58. Kxa4 1/2-1/2

[Event "III Open, Bajada de la Virgen"]
[Site "?"]
[Date "2005.??.??"]
[Round "7"]
[White "Sanz Alonso, Francisco J"]
[Black "Lopez Pereyra, A"]
[Result "1-0"]
[WhiteElo "2360"]
[BlackElo "2165"]

1. e4 c5 2. Nf3 e6 3. d4 cxd4 4. Nxd4 Bc5 5. Nb3 Bb6 6. Nc3 Ne7 7. Bd3 O-O
8. O-O f5 9. Bg5 fxe4 10. Nxe4 d5 11. Nc3 Nbc6 12. Qh5 h6 13. Bh4 Bd7 14.
Rae1 Qe8 15. Qxe8 Raxe8 16. Na4 e5 17. Nxb6 axb6 18. f3 Nf5 19. Bf2 Nb4 20.
Bxb6 Nxd3 21. cxd3 d4 22. Rc1 Ne3 23. Rf2 Re6 24. Bc7 b6 25. f4 exf4 26.
Nxd4 Rg6 27. g3 Nd5 28. a3 h5 29. Kf1 Bh3+ 30. Ke1 Re8+ 31. Re2 Rxe2+ 32.
Nxe2 f3 33. Ng1 Bg2 34. Kf2 Rf6 35. h4 Rf5 36. Bd8 Kf7 37. Bg5 Ke6 38. Re1+
Kd6 39. Re4 Kc5 40. a4 b5 41. a5 Nb4 42. Be7+ Kc6 43. Bxb4 Rd5 44. Nxf3 1-0

[Event "Sozina Open Bar SCG"]
[Site "?"]
[Date "2005.??.??"]
[Round "5"]
[White "Rabrenovic, Milinko"]
[Black "Nestorovic, Dejan"]
[Result "1-0"]
[WhiteElo "2285"]
[BlackElo "2400"]

1. e4 c5 2. Nf3 e6 3. d4 cxd4 4. Nxd4 Bc5 5. Nb3 Bb6 6. Nc3 Ne7 7. Bf4 d5
8. exd5 exd5 9. Qh5 Bf5 10. O-O-O Qd7 11. Bxb8 Bg4 12. Qe5 O-O 13. f3 Be6
14. Bd6 f6 15. Qf4 g5 16. Qb4 Nc6 17. Qa4 1-0

[Event "Spring Festival"]
[Site "?"]
[Date "2005.??.??"]
[Round "7"]
[White "Nemeth, Miklos"]
[Black "Hujbert, F"]
[Result "1-0"]
[WhiteElo "2330"]
[BlackElo "2110"]

1. e4 c5 2. Nf3 e6 3. d4 cxd4 4. Nxd4 Bc5 5. Nb3 Bb6 6. Bd3 Nc6 7. O-O Nf6
8. Qe2 d6 9. c4 Bd7 10. Be3 Bxe3 11. Qxe3 Rc8 12. Nc3 Ne5 13. Rad1 Qb6 14.
Qg3 O-O 15. c5 Rxc5 16. Nxc5 Qxc5 17. Kh1 Bc6 18. f4 Nxd3 19. Qxd3 Qh5 20.
Rd2 d5 21. exd5 Nxd5 22. Nxd5 Bxd5 23. f5 Qg5 24. fxe6 Bxe6 25. b3 h5 26.
Qd4 Rc8 27. Rd3 h4 28. h3 b6 29. Rf4 Bf5 30. Rd1 Bd3 31. Rxd3 1-0

[Event "Spring Festival"]
[Site "?"]
[Date "2005.??.??"]
[Round "8"]
[White "Nagy, Ben"]
[Black "Plenca, J"]
[Result "1/2-1/2"]
[WhiteElo "2345"]
[BlackElo "2105"]

1. e4 c5 2. Nf3 e6 3. d4 cxd4 4. Nxd4 Bc5 5. Nb3 Bb6 6. Nc3 Nc6 7. g3 Nge7
8. Bg2 O-O 9. O-O f5 10. Bf4 fxe4 11. Bxe4 d5 12. Bg2 Ng6 13. Ne2 Nce5 14.
Bxe5 Nxe5 15. Nf4 Qf6 16. Qe2 Kh8 17. Rae1 Nc4 18. c3 Bd7 19. Nc1 Rae8 20.
Ncd3 Nd6 21. Qh5 Bb5 22. Re5 Nf7 23. Rfe1 Bxd3 24. Rxe6 Rxe6 25. Rxe6 Qf5
26. Ng6+ Qxg6 27. Rxg6 Bxg6 28. Qxd5 h6 29. h4 Rd8 30. Qe6 Rd6 31. Qe8+ Kh7
32. Qe2 Rf6 33. h5 Bb1 34. Be4+ Bxe4 35. Qxe4+ Kg8 36. Qe8+ Kh7 37. Qe4+
Kg8 1/2-1/2

[Event "IX Mirko Srajber mem, Subotica SCG"]
[Site "?"]
[Date "2005.??.??"]
[Round "6"]
[White "Nadj Hedjesi, B"]
[Black "Sedlak, Nikola"]
[Result "0-1"]
[WhiteElo "2375"]
[BlackElo "2510"]

1. e4 c5 2. Nf3 e6 3. d4 cxd4 4. Nxd4 Bc5 5. Nb3 Bb6 6. Nc3 Ne7 7. Bg5 Nbc6
8. Qd2 O-O 9. O-O-O f5 10. f3 h6 11. Bf4 fxe4 12. fxe4 Ng6 13. Bd6 Rf2 14.
Qe1 a6 15. Kb1 Nce5 16. Na4 Ba7 17. Nac5 Rf6 18. Qg3 Bb8 19. Bxb8 Rxb8 20.
h4 d6 21. h5 Nf4 22. Qc3 Qf8 23. g3 Ng4 24. e5 Nd5 25. Qd4 Nxe5 26. Ne4 Rf7
27. c4 Nc6 28. Qd2 Nf6 29. Nxf6+ Rxf6 30. Qxd6 Qxd6 31. Rxd6 e5 32. Rxf6
gxf6 33. Bd3 Bg4 34. Be4 Ne7 35. Nc5 Rc8 36. Nxb7 Rxc4 37. Bd3 Rc7 38. Na5
Kg7 39. b4 Nd5 40. a3 Rc3 41. Bc4 Nb6 42. Bxa6 Bf5+ 43. Ka2 Be6+ 44. Kb1
Rxa3 45. Rd1 Ra4 46. Rd6 Rxb4+ 47. Kc1 Bf5 48. Nc6 Rb1+ 49. Kd2 Rb2+ 50.
Kc1 Rc2+ 51. Kd1 Nc4 0-1

[Event "Sekkat mem"]
[Site "Casablanca MAR"]
[Date "2005.??.??"]
[Round "2"]
[White "Mohamed, MA"]
[Black "Bintafrit, S"]
[Result "0-1"]
[WhiteElo "2115"]
[BlackElo "2218"]

1. e4 c5 2. Nf3 e6 3. d4 cxd4 4. Nxd4 Bc5 5. Nb3 Bb6 6. c4 Ne7 7. Nc3 O-O
8. Bd3 f5 9. O-O Nbc6 10. exf5 Nxf5 11. Ne4 Ne5 12. c5 Bc7 13. Nd6 Nxd3 14.
Qxd3 b6 15. Nxc8 Rxc8 16. cxb6 axb6 17. Rd1 Qf6 18. f4 Ne7 19. Be3 Nd5 20.
g3 Qxb2 21. Bd4 Qa3 22. Qb5 Qe7 23. Nd2 Rf5 24. Qb3 Rcf8 25. Ne4 Qe8 26.
Nc3 Nxf4 27. gxf4 Rxf4 28. Rd2 Rg4+ 29. Rg2 Qh5 0-1

[Event "23rd Liechtenstein Open"]
[Site "?"]
[Date "2005.??.??"]
[Round "1"]
[White "Meier, Gerd"]
[Black "Dizdar, Goran"]
[Result "1/2-1/2"]
[WhiteElo "2075"]
[BlackElo "2520"]

1. e4 c5 2. Nf3 e6 3. d4 cxd4 4. Nxd4 Bc5 5. Nb3 Bb6 6. Nc3 Ne7 7. g3 O-O
8. Bg2 f5 9. exf5 Nxf5 10. a4 Nc6 11. O-O d5 12. Ne2 Bd7 13. c3 Rc8 14. Bf4
a5 15. Nbd4 Bxd4 16. Nxd4 Nfxd4 17. cxd4 Qb6 18. Bd6 Rf7 19. Bc5 Qxb2 20.
Rb1 Qa2 21. Rxb7 Nd8 22. Rb1 Bxa4 23. Qe1 Bd7 24. Ra1 Qc4 25. Qxa5 Nb7 26.
Qb4 Nxc5 27. Qxc4 dxc4 28. dxc5 Rxc5 29. Rfc1 g5 30. Rc3 Kg7 31. Be4 h6 32.
f3 Bc6 33. Bxc6 Rxc6 34. Kf2 g4 35. f4 Rb7 36. Rac1 Rb2+ 37. R1c2 Rxc2+ 38.
Rxc2 Kf6 39. Ke3 e5 40. Ke4 exf4 41. Kxf4 h5 42. Ke4 Ra6 43. Kd5 Ra4 44.
Kd4 Kf5 45. Rf2+ Ke6 46. Re2+ Kd6 47. Rf2 Ke6 48. Re2+ Kf6 49. Rf2+ Kg6 50.
Rc2 Kg5 51. Rb2 Kg6 52. Rb6+ Kf7 53. Rb2 Kg6 54. Rb6+ Kg7 55. Rb2 h4 56.
gxh4 Kh6 57. Rb8 Ra2 58. Rg8 Kh5 59. Rh8+ Kg6 60. Kxc4 Rxh2 61. Kd4 Re2 62.
Rg8+ Kf5 63. h5 Kf4 64. Kd3 Rh2 65. Rf8+ Kg3 66. Rf5 Rh4 67. Ke3 Kh2 68.
Rg5 g3 69. Kf3 Ra4 70. h6 Ra3+ 71. Kf4 Ra4+ 72. Kf3 Ra3+ 73. Kf4 Ra4+ 74.
Kf3 1/2-1/2

[Event "DS, Brno CZE"]
[Site "?"]
[Date "2005.??.??"]
[Round "2"]
[White "Medunova, Vera"]
[Black "Chytilek, Roman"]
[Result "1/2-1/2"]
[WhiteElo "2205"]
[BlackElo "2415"]

1. e4 c5 2. Nf3 e6 3. d4 cxd4 4. Nxd4 Bc5 5. Nb3 Bb6 6. Nc3 Ne7 7. Bf4 d5
8. exd5 Nxd5 9. Nxd5 exd5 10. Bxb8 Rxb8 11. Bb5+ Kf8 12. O-O a6 13. Be2 Be6
14. Qd2 g6 15. Qh6+ Kg8 16. Rad1 Qf6 17. c3 Bc7 18. g3 Qg7 19. Qe3 Qf6 20.
Bf3 Rd8 21. Bg2 Kg7 22. Rfe1 Rhe8 23. Qd4 Qxd4 24. Rxd4 Bb6 25. Rd2 Kf8 26.
h3 1/2-1/2

[Event "41st Rubinstein Mem Open A"]
[Site "Polanica Zdroj POL"]
[Date "2005.??.??"]
[Round "3"]
[White "Jaracz, B"]
[Black "Diczew, F"]
[Result "1-0"]
[WhiteElo "2251"]
[BlackElo "2127"]

1. e4 c5 2. Nf3 e6 3. d4 cxd4 4. Nxd4 Bc5 5. Nb3 Bb6 6. Nc3 Ne7 7. Bc4 O-O
8. Bf4 f5 9. Bd6 Nbc6 10. O-O Rf7 11. Qd2 fxe4 12. Nxe4 Nf5 13. Rad1 Qh4
14. Qe2 a6 15. c3 Bd8 16. Rd3 Qh6 17. Rh3 Qg6 18. Bd3 Be7 19. Bxe7 Rxe7 20.
Nd6 Qg5 21. f4 Qf6 22. Nxf5 exf5 23. Bc4+ Kh8 24. Re3 g6 25. Re1 Rxe3 26.
Qxe3 Kg7 27. Bd5 a5 28. Bxc6 bxc6 29. Qe8 Kh6 30. Nd4 Kh5 31. Re7 h6 32.
Re3 Kg4 33. Rg3+ 1-0

[Event "Politiken Cup, Copenhagen DEN"]
[Site "?"]
[Date "2005.??.??"]
[Round "3"]
[White "Hector, Jonny"]
[Black "Solberg, Joachim"]
[Result "1-0"]
[WhiteElo "2530"]
[BlackElo "2170"]

1. e4 c5 2. Nf3 e6 3. d4 cxd4 4. Nxd4 Bc5 5. Nb3 Bb6 6. Nc3 Ne7 7. Bg5 O-O
8. Qd2 Nbc6 9. O-O-O f5 10. exf5 Rxf5 11. f4 d5 12. g4 Rf7 13. Bg2 h6 14.
Bh4 Na5 15. Rhe1 Nxb3+ 16. axb3 Qf8 17. f5 exf5 18. Bxe7 Rxe7 19. Nxd5 Re6
20. gxf5 Rxe1 21. Rxe1 Bd8 22. f6 Bxf6 23. Rf1 Be6 24. Nxf6+ gxf6 25. Bxb7
Rd8 26. Qe3 1-0

[Event "It (Open) Illertissen GER"]
[Site "It (Open) Illertissen GER"]
[Date "2005.??.??"]
[Round "8.8"]
[White "Hallmann, Norbert"]
[Black "Hirneise, Tobias"]
[Result "1/2-1/2"]
[WhiteElo "2198"]
[BlackElo "2029"]

1. e4 c5 2. Nf3 e6 3. d4 cxd4 4. Nxd4 Bc5 5. Nb3 Bb6 6. Nc3 Ne7 7. Bf4 d5
8. exd5 exd5 9. Bd3 Nbc6 10. a3 O-O 11. O-O Be6 12. Re1 Ng6 13. Bg3 d4
1/2-1/2

[Event "Masters, Abu Dhabi UAE"]
[Site "?"]
[Date "2005.??.??"]
[Round "5"]
[White "Guseinov, Gadir"]
[Black "Sale, Srdjan"]
[Result "1/2-1/2"]
[WhiteElo "2585"]
[BlackElo "2435"]

1. e4 c5 2. Nf3 e6 3. d4 cxd4 4. Nxd4 Bc5 5. Be3 Qb6 6. Nc3 Nc6 7. Ncb5
Nxd4 8. Bxd4 Bxd4 9. Qxd4 Qxd4 10. Nxd4 a6 11. O-O-O d6 12. Be2 Nf6 13. f3
Ke7 14. Nb3 Bd7 15. Na5 Bb5 16. Rhe1 Rhb8 17. Rd4 Be8 18. Nc4 Rd8 19. Nb6
Rab8 20. Red1 Bc6 21. Rb4 g5 22. a4 a5 23. Rbd4 d5 24. e5 Nd7 25. Nxd7 Bxd7
26. b3 f6 27. exf6+ Kxf6 28. f4 Rg8 29. g3 Bc6 30. Rf1 Ke7 31. fxg5 Rxg5
32. Rh4 Rh8 33. Rh6 Rg6 34. Rh5 h6 35. c4 b6 36. Kb2 d4 37. c5 Rg5 38. cxb6
Rxh5 39. Bxh5 Rb8 40. Rf4 e5 41. Rf7+ Kd6 42. Rf6+ Kc5 43. b4+ axb4 44. a5
e4 45. Rf5+ Kc4 46. Bf7+ Kd3 47. Rf6 Bb7 48. Bg6 Ke3 49. Rd6 d3 50. Kb3 d2
51. Kxb4 Ba6 52. Bxe4 Kxe4 53. Rxd2 Rc8 54. Rd7 Rc4+ 55. Kb3 Rc5 56. Ra7
Bf1 57. b7 Rb5+ 58. Kc3 Bg2 59. a6 Kf5 60. Kc4 Bf1+ 61. Kd4 Bg2 62. h3 h5
63. Ke3 Rb3+ 64. Kd4 Rb5 65. Kc3 Kg5 66. Kc4 Bf1+ 67. Kd4 Bg2 68. h4+ Kg4
69. Ra8 Bxb7 70. axb7 Rxb7 71. Rg8+ Kh3 72. Ke4 1/2-1/2

[Event "4. Open, Davos SUI"]
[Site "4. Open, Davos SUI"]
[Date "2005.??.??"]
[Round "5"]
[White "Giacomini, Plinio"]
[Black "Cavaletto, Massimo"]
[Result "1-0"]
[WhiteElo "2057"]
[BlackElo "2159"]

1. e4 e6 2. d4 c5 3. Nf3 cxd4 4. Nxd4 Bc5 5. Nb3 Bb6 6. Nc3 Ne7 7. Bf4 d5
8. exd5 Nxd5 9. Nxd5 exd5 10. Bb5+ Nc6 11. O-O O-O 12. Qh5 Qf6 13. Bxc6
bxc6 14. Be5 Qe7 15. Rfe1 Be6 16. Qf3 Qd7 17. Qg3 f6 18. Bd4 Bf5 19. Nc5
Bxc5 20. Bxc5 Rfe8 21. c3 a6 22. h3 Re6 23. f3 Rae8 24. Qf2 Bg6 25. Qd2 h5
26. Kf1 Qb7 27. b4 Qb5+ 28. Kf2 Qc4 29. Rxe6 Rxe6 30. Bd4 Kh7 31. Re1 Rxe1
32. Kxe1 Bb1 33. a4 a5 34. Qd1 Qa2 35. bxa5 Bc2 36. Qe2 Qxa4 37. a6 Bb3 38.
a7 Qa1+ 39. Kf2 Bc4 40. Qe1 Qa2+ 41. Kg3 c5 42. Bxc5 d4 43. Qe4+ g6 44.
Qb7+ Kh6 45. Bf8+ Kg5 46. h4+ Kf5 47. Qe4# 1-0

[Event "9th Bavarian Open, Bad Wiessee"]
[Site "?"]
[Date "2005.??.??"]
[Round "7"]
[White "Dinger, F"]
[Black "Buecker, Stefan"]
[Result "1-0"]
[WhiteElo "2205"]
[BlackElo "2345"]

1. e4 c5 2. Nf3 e6 3. d4 cxd4 4. Nxd4 Bc5 5. Nb3 Bb6 6. c4 Ne7 7. Bf4 Nbc6
8. Nc3 a6 9. Qd2 O-O 10. Bd6 f5 11. e5 Bc7 12. f4 Bxd6 13. Qxd6 a5 14.
O-O-O a4 15. Nc5 a3 16. b3 Qa5 17. Nb5 Rd8 18. Qd2 Qb4 19. Qxb4 Nxb4 20.
Nxe6 dxe6 21. Rxd8+ Kf7 22. Kb1 Kg6 23. Nd6 Nxa2 24. Nxc8 Kh6 25. Kxa2 Nc6
26. Rd2 Nb4+ 27. Ka1 Rxc8 28. Be2 1-0

[Event "ch-FRA Top"]
[Site "?"]
[Date "2005.??.??"]
[Round "8"]
[White "Crouan, Stephane"]
[Black "Philippe, Christophe"]
[Result "1/2-1/2"]
[WhiteElo "2240"]
[BlackElo "2390"]

1. e4 c5 2. Nf3 e6 3. d4 cxd4 4. Nxd4 Bc5 5. Nb3 Bb6 6. g3 Ne7 7. Nc3 O-O
8. Bg2 Nbc6 9. O-O f5 10. Bg5 h6 11. Bxe7 Qxe7 12. exf5 Rxf5 13. Qe2 a6 14.
Na4 Ba7 15. c4 b5 16. Nc3 Bb7 17. cxb5 axb5 18. Kh1 b4 19. Ne4 Bb6 20. Rfc1
Kh8 21. f4 Raf8 22. Qd2 Rd5 23. Qc2 Qe8 24. Rd1 Qg6 25. Qe2 Ne7 26. Nd6
Rxd1+ 27. Rxd1 Bxg2+ 28. Qxg2 Nd5 29. Nc4 Bc7 30. Nd4 Qh5 31. Qf3 Qh3 32.
Qg2 Qxg2+ 33. Kxg2 Ra8 34. Ra1 Bd8 35. a4 Rc8 36. Nd6 Ra8 1/2-1/2

[Event "Spring Festival"]
[Site "Budapest HUN"]
[Date "2005.??.??"]
[Round "4"]
[White "Bednay, D"]
[Black "Plenca, J"]
[Result "1/2-1/2"]
[WhiteElo "2225"]
[BlackElo "2109"]

1. e4 c5 2. Nf3 e6 3. d4 cxd4 4. Nxd4 Bc5 5. Nb3 Bb6 6. c4 Nc6 7. Nc3 Nge7
8. Be2 O-O 9. O-O f5 10. exf5 Nxf5 11. Ne4 Qh4 12. Ng3 Ncd4 13. Nxd4 Bxd4
14. Bd3 Nxg3 15. hxg3 Qf6 16. Qe2 d5 17. Rb1 Bd7 18. b3 Qe5 19. Ba3 Rf6 20.
Rbd1 Kh8 21. Qxe5 Bxe5 22. cxd5 exd5 23. Be2 Bc6 24. Bf3 d4 25. Rfe1 Bd6
26. Bb2 Bb4 27. Re2 Rxf3 28. gxf3 Bxf3 29. Rxd4 Bxe2 30. Rxb4 Re8 31. Bc3
Re7 1/2-1/2

[Event "76th ch-GER Altenkirchen GER"]
[Site "?"]
[Date "2005.??.??"]
[Round "2"]
[White "Baramidze, David"]
[Black "Wisnewski, Christoph"]
[Result "1-0"]
[WhiteElo "2550"]
[BlackElo "2400"]

1. e4 c5 2. Nf3 e6 3. d4 cxd4 4. Nxd4 Bc5 5. Nb3 Bb6 6. Nc3 Ne7 7. Bd3 O-O
8. Qe2 Nbc6 9. Be3 f5 10. Bxb6 Qxb6 11. O-O-O a5 12. Nd2 Ne5 13. exf5 Nxd3+
14. Qxd3 Rxf5 15. f3 d5 16. Rhe1 Nc6 17. a3 Bd7 18. Nb3 a4 19. Nd4 Ne5 20.
Rxe5 Rxe5 21. f4 Rh5 22. Nf3 Qc7 23. Ne2 Rc8 24. c3 Rf5 25. g3 Be8 26. Ned4
Rf6 27. Re1 Bg6 28. Qb5 Be8 29. Qb4 Bd7 30. Ne5 Re8 31. h4 Rff8 32. Kd2 b5
33. Ke3 g6 34. Kd2 Kg7 35. Re2 h6 36. Nef3 Rf7 37. Ne5 Rff8 38. Ndf3 Kh7
39. h5 gxh5 40. Qd4 Bc8 41. Rh2 Qg7 42. Qd3+ Kg8 43. Nd4 Rf6 44. Rxh5 Kh8
45. g4 Kg8 46. Ne2 Ref8 47. g5 Rxf4 48. gxh6 Qg2 49. h7+ Kg7 50. h8=Q+ Rxh8
51. Rxh8 Kxh8 52. Ng6+ Kg7 53. Nxf4 Qf1 54. Qd4+ Kf7 55. Qh8 Bd7 56. Qh7+
Ke8 57. Ng6 Kd8 58. Ne5 Be8 59. Qh4+ 1-0

[Event "Bad Zwesten op 9th"]
[Site "Bad Zwesten"]
[Date "2005.01.03"]
[Round "2"]
[White "Fink, Christian"]
[Black "Gutman, Lev"]
[Result "0-1"]
[WhiteElo "2128"]
[BlackElo "2461"]

1. e4 c5 2. Nf3 e6 3. d4 cxd4 4. Nxd4 Bc5 5. Nb3 Bb6 6. Nc3 Ne7 7. Qe2 O-O
8. Be3 f5 9. O-O-O Nbc6 10. Nc5 Qe8 11. f3 fxe4 12. N3xe4 d5 13. Nd6 Qg6
14. Nd3 e5 15. Nxc8 Raxc8 16. Bxb6 axb6 17. Ne1 Qd6 18. Qd2 d4 19. Bd3 Nd5
20. Be4 Na5 21. Qd3 Nf6 22. Kb1 Nc4 23. Bxb7 Rc7 24. Ba6 b5 25. Bxb5 Nxb2
26. Qb3+ Nd5 27. Rd2 Rb8 28. Kxb2 Rc3 29. Qa4 Nb6 30. Qa6 Ra8 31. Qb7 Qa3+
0-1

[Event "Hessenliga 0405"]
[Site "Germany"]
[Date "2005.01.23"]
[Round "5.1"]
[White "Stelzer, Harald"]
[Black "Meinzer, Dieter"]
[Result "1-0"]
[WhiteElo "2288"]
[BlackElo "2220"]

1. e4 c5 2. Nf3 e6 3. d4 cxd4 4. Nxd4 Bc5 5. Nb3 Bb6 6. Nc3 Ne7 7. Bg5 O-O
8. Qd2 Nbc6 9. O-O-O a5 10. Bb5 f5 11. Na4 Bc7 12. f3 Qe8 13. Kb1 h6 14.
Be3 Rf7 15. Rhe1 fxe4 16. fxe4 Ng6 17. a3 Nge5 18. Nb6 Rb8 19. h3 Qd8 20.
Na4 b6 21. Rf1 Rxf1 22. Rxf1 Na7 23. Be2 Bb7 24. Nc3 Bc6 25. Nd4 Qe7 26.
Rd1 Rf8 27. Ndb5 Nxb5 28. Nxb5 Bxb5 29. Bxb5 d6 30. Bd4 Nd7 31. Bc4 Nc5 32.
Qe2 Kh8 33. Qg4 e5 34. Be3 a4 35. Bxh6 gxh6 36. Qh5 Qg7 37. h4 Nxe4 38. Qe2
Nf6 39. Be6 Re8 40. Bf5 d5 41. g4 d4 42. g5 Ng8 43. Rxd4 Qf8 44. Bd7 Re7
45. Rd1 Qf4 46. Bc6 Qxh4 47. gxh6 Nf6 48. Rg1 e4 49. Qa6 Kh7 50. Qc8 Qf2
51. Bxe4+ Kxh6 52. Qh8+ Nh7 53. Rh1+ Kg5 54. Qg8+ Kf4 55. Bxh7 Re1+ 56.
Rxe1 Qxe1+ 57. Ka2 Qe5 58. Qf7+ Ke3 59. Qc4 Kf2 60. Bd3 Bd8 61. Qxa4 Bf6
62. Qb3 Ke1 63. Qb4+ Kd1 64. Qxb6 Kc1 65. Qg1+ Kd2 66. Qg2+ Kc1 67. c3 Qe6+
68. Ka1 Kd1 69. Qc2+ Ke1 70. a4 Qe5 71. Kb1 Bg5 72. a5 Bd2 73. a6 Qa5 74.
Bc4 Qe5 75. a7 1-0

[Event "Paris-ch"]
[Site "Paris"]
[Date "2005.07.13"]
[Round "5"]
[White "Blazkova, Petra"]
[Black "Philippe, Christophe"]
[Result "1/2-1/2"]
[WhiteElo "2276"]
[BlackElo "2411"]

1. e4 c5 2. Nf3 e6 3. d4 cxd4 4. Nxd4 Bc5 5. Nc3 Qb6 6. Be3 Nc6 7. Ndb5
Bxe3 8. fxe3 Nge7 9. Nd6+ Kf8 10. Qh5 Qxe3+ 11. Be2 g6 12. Qh4 Kg7 13. Rf1
f5 14. g4 Rf8 15. gxf5 exf5 16. exf5 Nxf5 17. Nxf5+ Rxf5 18. Rxf5 gxf5 19.
Nd5 Qh6 20. Qg3+ Kf8 21. Kf2 Ne7 22. Rd1 d6 23. Nf4 Bd7 24. Nh5 f4 25.
Qxf4+ Qxf4+ 26. Nxf4 Nf5 27. Nd5 Rc8 1/2-1/2